NBA players who played for both Lakers and Celtics - Statistics

General Stats
  • This quiz has been taken 146 times
    40 since last reset
  • The average score is 4 of 34
Answer Stats
Years at Celtics Years at Lakers Answer % Correct
2006-2014 2018-2020,2021-2022 Rajon Rondo
73%
2010-2011 1996-2004 Shaquille O'Neal
70%
2014-2023 2025-present Marcus Smart
65%
2004-2005 2003-2004 Gary Payton
24%
2003-2004 2004-2005 Jumaine Jones
24%
2015-2017 2018 Isaiah Thomas
22%
1991-1997 1997-2004 Rick Fox
19%
2002-2003 2006-2007 Shammond Williams
16%
2011-2015 2015-2016 Brandon Bass
14%
1975-1977 1977-1978 Charlie Scott
11%
1962-1964 1953-1957 Clyde Lovellette
11%
1988-1989,1990-1992 1999-2003 Brian Shaw
8%
1979 1981-1985 Bob McAdoo
5%
2003-2004 2004-2009 Chris Mihm
5%
1986-1988 1995-1996 Fred Roberts
5%
1997-1998 1996-1997,1998-2000 Travis Knight
5%
2011 2011-2012 Troy Murphy
5%
2004 2004-2005 Chucky Atkins
3%
1994-1995 1995-1996 Derek Strong
3%
1968-1975,1977-1979 1976-1977 Don Chaney
3%
1965-1976 1963-1965 Don Nelson
3%
1978 1976-1977 Earl Tatum
3%
1996-1997 1986-1987 Frank Brickowski
3%
1947-1949 1949 Gene Stump
3%
1969-1975 1966-1967 Hank Finkel
3%
1968-1970 1966-1968 Jim Barnes
3%
1989-1993 1997 Joe Kleine
3%
1977-1978 1973-1977 Kermit Washington
3%
2013-2014 2014 MarShon Brooks
3%
1964-1966 1967-1970,1972-1974 Mel Counts
3%
1948 1948-1949 Mike Bloom
3%
2006-2007 2010-2011 Theo Ratliff
3%
2014 2015,2017-2018 Vander Blue
3%
2010-2011 2005-2006 Von Wafer
3%
No matching quizzes found
Score Distribution
Percent of People with Each Score
Percentile by Number Answered
Your Score History
You have not taken this quiz since the last reset